[Event "?"]
[Site "?"]
[Date "2018.11.17"]
[Round "2.1"]
[White "Kocak, Ediz"]
[Black "Zimmermann, René"]
[Result "1-0"]
[WhiteElo "1817"]
[BlackElo "2198"]
[PlyCount "143"]
[EventDate "2018.??.??"]
[WhiteTeam "SG 1882 Fürth"]
[BlackTeam "SG Grün-Weiß Dresden"]

1. e4 {[%emt 0:00:00]} e6 2. Nf3 d5 3. Nc3 dxe4 4. Nxe4 Nd7 5. d4 Ngf6 6. Nxf6+
Nxf6 7. Bd3 Be7 8. O-O O-O 9. Bf4 b6 10. Qe2 Bb7 11. Rad1 Qc8 12. Ne5 c5 13.
dxc5 Qxc5 14. Bg5 Rad8 15. a3 h6 16. b4 Qc3 17. Bd2 Qd4 18. c3 Qh4 19. c4 Bd6
20. Bc3 Nh5 21. g3 Qh3 22. Be4 Nf4 23. Qf3 Bxe4 24. Qxe4 Bxe5 25. Bxe5 Qh5 26.
Rxd8 Ne2+ 27. Kh1 Rxd8 28. g4 Qh3 29. Qxe2 Rd2 30. Qe1 Qf3+ 31. Kg1 Re2 32. Qc3
Qe4 33. Qd4 Qxe5 34. Qxe5 Rxe5 35. Rc1 Kf8 36. Kg2 Ke7 37. Kf3 Kd7 38. Rc3 Re1
39. h4 Kc6 40. h5 a5 41. c5 axb4 42. axb4 Re5 43. Kf4 Rd5 44. cxb6+ Kxb6 45.
Rc8 Rg5 46. f3 Kb5 47. Rf8 f6 48. Rb8+ Kc6 49. Rc8+ Kd7 50. Ra8 Kc7 51. Ra6 Kd7
52. Rb6 f5 53. Rb5 Kd6 54. Ra5 g6 55. hxg6 Rxg6 56. gxf5 Rf6 57. Ra6+ Kd5 58.
Rxe6 Rf8 59. Rxh6 Rb8 60. Re6 Rxb4+ 61. Kg5 Rb3 62. f4 Rg3+ 63. Kf6 Rg4 64. Re1
Rxf4 65. Kg6 Rg4+ 66. Kf7 Rg2 67. f6 Kd6 68. Kf8 Kd7 69. f7 Ra2 70. Re5 Kd6 71.
Rg5 Ke6 72. Kg8 1-0

[Event "?"]
[Site "?"]
[Date "2018.11.17"]
[Round "2.2"]
[White "Killmann, Reinmar"]
[Black "Homi, Joseph"]
[Result "0-1"]
[WhiteElo "1674"]
[BlackElo "1948"]
[PlyCount "88"]
[EventDate "2018.??.??"]
[WhiteTeam "SC JÄKLECHEMIE"]
[BlackTeam "SGem Fürth"]

1. e4 c6 2. d4 d5 3. exd5 cxd5 4. Bd3 Nc6 5. c3 Nf6 6. Nf3 Bg4 7. h3 Bh5 8.
Nbd2 e6 9. O-O Bd6 10. Re1 O-O 11. Be2 Qc7 12. Nh4 Bxe2 13. Rxe2 Rab8 14. Nhf3
Rfc8 15. Nf1 b5 16. Bd2 b4 17. Rc1 bxc3 18. Bxc3 Ne4 19. Rec2 Qb7 20. Ne3 Ne7
21. b3 Qa6 22. Ba1 Nc6 23. Ne5 Bxe5 24. dxe5 Nb4 25. Rxc8+ Rxc8 26. Rxc8+ Qxc8
27. a3 Nc6 28. f3 Nc5 29. b4 Nd7 30. f4 Qb7 31. Bd4 a5 32. bxa5 Nxa5 33. Qa4
Nc6 34. Kf2 h6 35. Nc2 Nxd4 36. Qxd4 Qb3 37. Qd2 Nc5 38. Ke2 Ne4 39. Qd3 Nc3+
40. Kd2 Ne4+ 41. Ke2 Qb2 42. Kf3 Nc5 43. Qd2 Nb3 44. Qd3 Qxc2 0-1

[Event "?"]
[Site "?"]
[Date "2018.11.17"]
[Round "2.3"]
[White "Ulusoy, Tolga"]
[Black "Schulz, Wilfried"]
[Result "1-0"]
[WhiteElo "2023"]
[BlackElo "1884"]
[PlyCount "49"]
[EventDate "2018.??.??"]
[WhiteTeam "SC Noris-Tarrasch"]
[BlackTeam "SG 1882 Fürth"]

1. e4 d5 2. exd5 Qxd5 3. Nc3 Qa5 4. d4 c6 5. Bc4 Bf5 6. Nf3 Nd7 7. Qe2 Ngf6 8.
h3 e6 9. Bd2 Qc7 10. g4 Bg6 11. Rg1 O-O-O 12. O-O-O Bd6 13. h4 h5 14. g5 Nd5
15. Rge1 Bf4 16. Kb1 Bxd2 17. Qxd2 Qf4 18. Nxd5 Qxf3 19. Ne7+ Kb8 20. Nxg6 fxg6
21. Rxe6 Qg4 22. Rxg6 Ne5 23. Be2 Qxh4 24. Rxg7 Qxf2 25. Rxb7+ 1-0

[Event "?"]
[Site "?"]
[Date "2018.11.17"]
[Round "2.4"]
[White "Bruss, Robert"]
[Black "Kraus, Sebastian"]
[Result "1-0"]
[WhiteElo "1688"]
[BlackElo "1819"]
[PlyCount "61"]
[EventDate "2018.??.??"]
[WhiteTeam "SC Hersbruck"]
[BlackTeam "SC JÄKLECHEMIE"]

1. d4 Nf6 2. c4 g6 3. Nc3 d5 4. cxd5 Nxd5 5. e4 Nxc3 6. bxc3 Bg7 7. Bc4 c5 8.
Ne2 Qc7 9. O-O O-O 10. Qd3 Nc6 11. Bf4 e5 12. Bg3 cxd4 13. cxd4 Na5 14. Rfc1
Nxc4 15. Rxc4 Qd8 16. d5 Bd7 17. Qb3 b5 18. Rc2 Qb6 19. Rac1 Rac8 20. Rxc8 Rxc8
21. Rxc8+ Bxc8 22. Qc3 Bg4 23. Nc1 b4 24. Qc4 f6 25. h3 Bd7 26. Nd3 Bf8 27. d6+
Kg7 28. Nxe5 fxe5 29. Bxe5+ Kh6 30. Qf7 Qd8 31. h4 1-0

[Event "?"]
[Site "?"]
[Date "2018.11.17"]
[Round "2.5"]
[White "Seidel, Michael"]
[Black "Corral, Carlos"]
[Result "1-0"]
[WhiteElo "1997"]
[BlackElo "2015"]
[PlyCount "103"]
[EventDate "2018.??.??"]
[WhiteTeam "SC Schwarzenbach"]
[BlackTeam "SC Noris-Tarrasch"]

1. e4 c5 2. Nf3 g6 3. d4 cxd4 4. Nxd4 Bg7 5. Nc3 Nc6 6. Be3 Nf6 7. Be2 O-O 8.
Nb3 a5 9. a4 d5 10. exd5 Nb4 11. Bf3 Bf5 12. Rc1 Rc8 13. O-O Nxc2 14. Rxc2 Bxc2
15. Qxc2 Nxd5 16. Bxd5 Qxd5 17. Nxd5 Rxc2 18. Nxe7+ Kh8 19. Nxa5 Rxb2 20. Nc4
Rb4 21. Nb6 Bd4 22. Ned5 Bxe3 23. fxe3 Rb2 24. Rc1 Kg7 25. Rc7 Rd8 26. e4 Rd6
27. Nc4 Rb1+ 28. Kf2 Re6 29. e5 b5 30. axb5 Rxb5 31. Nf4 Rbxe5 32. Nxe5 Rxe5
33. h4 h6 34. Kf3 Ra5 35. Ne6+ Kg8 36. Rc8+ Kh7 37. Nf4 Kg7 38. Rc3 Rb5 39. g4
Ra5 40. h5 g5 41. Ne2 f5 42. gxf5 Rxf5+ 43. Kg4 Rf2 44. Rc7+ Kg8 45. Ng3 Kh8
46. Rc4 Kh7 47. Nf5 Rg2+ 48. Kh3 Rg1 49. Rc7+ Kh8 50. Nxh6 Rh1+ 51. Kg4 Rh4+
52. Kxg5 1-0

[Event "?"]
[Site "?"]
[Date "2018.11.17"]
[Round "2.6"]
[White "Adelhütte, Dennis"]
[Black "Balhar, Michael"]
[Result "1/2-1/2"]
[WhiteElo "1993"]
[BlackElo "1815"]
[PlyCount "90"]
[EventDate "2018.??.??"]
[WhiteTeam "SC JÄKLECHEMIE"]
[BlackTeam "SC Erlangen"]

1. d4 d5 2. c4 e6 3. Nc3 Nf6 4. cxd5 exd5 5. Bg5 c6 6. Qc2 Be7 7. e3 Nbd7 8.
Bd3 h6 9. Bh4 O-O 10. Nge2 Re8 11. O-O Nf8 12. f3 Nh5 13. Bf2 Bd6 14. Rad1 Qg5
15. f4 Qe7 16. Rfe1 Nf6 17. h3 Ne4 18. Bxe4 dxe4 19. d5 c5 20. Nb5 a6 21. Nxd6
Qxd6 22. a4 b6 23. Qc4 Bd7 24. Rc1 f5 25. Red1 Rec8 26. Ng3 Nh7 27. b3 b5 28.
axb5 axb5 29. Qc3 c4 30. bxc4 Rxc4 31. Qe5 Qf8 32. Rxc4 bxc4 33. d6 Ra3 34. Qc5
Rd3 35. Qxc4+ Qf7 36. Qxf7+ Kxf7 37. Rxd3 exd3 38. Kf1 Ke6 39. Ke1 Kxd6 40. Kd2
g6 41. Kxd3 Nf6 42. Be1 Bc6 43. Bc3 Ne4 44. Nxe4+ Bxe4+ 45. Kd4 Bxg2 1/2-1/2

[Event "?"]
[Site "?"]
[Date "2018.11.17"]
[Round "2.7"]
[White "Lingl, Xenia"]
[Black "Cipra, Lothar"]
[Result "1/2-1/2"]
[WhiteElo "1721"]
[BlackElo "1921"]
[PlyCount "97"]
[EventDate "2018.??.??"]
[WhiteTeam "SC JÄKLECHEMIE"]
[BlackTeam "SK Schwanstetten"]

1. e4 c5 2. Nc3 e6 3. g3 d5 4. exd5 exd5 5. d4 Be6 6. Bg2 Nf6 7. Bg5 cxd4 8.
Qxd4 Nc6 9. Qd2 Bb4 10. a3 Qa5 11. Bxf6 gxf6 12. Nge2 Rd8 13. Nd4 Bxc3 14. bxc3
Nxd4 15. Qxd4 Rc8 16. Qxf6 Qxc3+ 17. Qxc3 Rxc3 18. Kd2 Rc7 19. Rab1 O-O 20. Bf1
Rfc8 21. Bd3 b6 22. Rhe1 Rc5 23. Re5 Ra5 24. Ra1 Rac5 25. Rg5+ Kf8 26. Bxh7 f5
27. Bxf5 Kf7 28. Bxe6+ Kxe6 29. Ra2 Kf6 30. f4 Re8 31. h4 Re4 32. h5 Rd4+ 33.
Ke3 Rdc4 34. Kd3 Rc3+ 35. Kd2 Rf3 36. Ke2 Rcc3 37. Rxd5 Rxg3 38. Rd6+ Kf5 39.
Rh6 Kxf4 40. Rh7 Rg2+ 41. Kd1 Rh3 42. Kc1 a5 43. h6 Rgh2 44. Rf7+ Ke5 45. h7
Rxh7 46. Rxh7 Rxh7 47. Rb2 Rh6 48. Rb3 Kd4 49. Kb2 1/2-1/2

[Event "?"]
[Site "?"]
[Date "2018.11.17"]
[Round "2.8"]
[White "Weißmann, Peter"]
[Black "Süß, Helmut"]
[Result "1/2-1/2"]
[WhiteElo "1756"]
[BlackElo "1871"]
[PlyCount "23"]
[EventDate "2018.??.??"]
[WhiteTeam "SG 1882 Fürth"]
[BlackTeam "SC Noris-Tarrasch"]

1. e4 c6 2. d4 d5 3. e5 Bf5 4. Ne2 e6 5. Ng3 Bg6 6. Bd3 Nd7 7. O-O Qb6 8. c3 c5
9. Bxg6 hxg6 10. f4 Nh6 11. Ne2 Be7 12. Nd2 1/2-1/2

[Event "?"]
[Site "?"]
[Date "2018.11.17"]
[Round "2.9"]
[White "Diebel, Günter"]
[Black "Haschemi, Said Habieb"]
[Result "1-0"]
[WhiteElo "1854"]
[BlackElo "1584"]
[PlyCount "87"]
[EventDate "2018.??.??"]
[WhiteTeam "SW Nürnberg Süd"]
[BlackTeam "SG 1882 Fürth"]

1. e4 {[%emt 0:00:00]} c5 2. Nc3 e6 3. Nf3 a6 4. d4 cxd4 5. Nxd4 Qc7 6. Bd3 Bb4
7. Bd2 Nc6 8. Nxc6 bxc6 9. O-O a5 10. a3 Bd6 11. g3 e5 12. Rb1 Nf6 13. Bg5 Be7
14. f4 Ng8 15. Bxe7 Nxe7 16. f5 d5 17. f6 gxf6 18. Rxf6 Ng8 19. Rxc6 Qa7+ 20.
Kg2 Bb7 21. Rc7 Qb6 22. Bb5+ Kf8 23. Rxb7 Qxb7 24. Qxd5 Qxd5 25. Nxd5 Ne7 26.
c4 Nxd5 27. exd5 Ke7 28. c5 Rab8 29. d6+ Ke6 30. Bc4+ Kd7 31. b4 axb4 32. axb4
f6 33. Kf3 f5 34. Bd5 Rhf8 35. b5 f4 36. g4 Rfc8 37. Bc6+ Kd8 38. Re1 Rxc6 39.
bxc6 Rb3+ 40. Ke4 Kc8 41. Kd5 Rd3+ 42. Ke6 e4 43. Ra1 Rb3 44. d7+ 1-0

[Event "?"]
[Site "?"]
[Date "2018.11.17"]
[Round "2.10"]
[White "Floegel, Marco"]
[Black "Albayrak, Berrak"]
[Result "1-0"]
[WhiteElo "1638"]
[BlackElo "1512"]
[PlyCount "71"]
[EventDate "2018.??.??"]
[WhiteTeam "SK Herzogenaurach"]
[BlackTeam "Zabo-Eintr. Nürnberg"]

1. e4 d6 2. d4 Nf6 3. Nc3 g6 4. Bc4 Bg7 5. Nf3 O-O 6. e5 dxe5 7. Nxe5 Nbd7 8.
f4 Nb6 9. Be2 Nfd5 10. Ne4 Bf5 11. Ng3 Bd7 12. c4 Nf6 13. O-O e6 14. Bf3 Rb8
15. Be3 Bc8 16. Qd2 c5 17. dxc5 Qxd2 18. Bxd2 Nbd7 19. Nd3 Rd8 20. Bc3 Bf8 21.
b4 Be7 22. Rad1 Ne8 23. Ne4 f6 24. Rfe1 Nf8 25. a4 a6 26. b5 f5 27. Ng5 h6 28.
Nh3 axb5 29. cxb5 Nd7 30. Rxe6 Kf7 31. Bd5 Bxc5+ 32. Nxc5 Nxc5 33. Rf6+ Kg7 34.
Rf7+ Kg8 35. Rd7+ Kf8 36. Rxd8 1-0

[Event "?"]
[Site "?"]
[Date "2018.11.17"]
[Round "2.11"]
[White "Großner, Josef"]
[Black "Behlert, Stefan"]
[Result "0-1"]
[WhiteElo "1781"]
[BlackElo "2049"]
[PlyCount "96"]
[EventDate "2018.??.??"]
[WhiteTeam "SF Fürth"]
[BlackTeam "Zabo-Eintr. Nürnberg"]

1. e4 e6 2. d4 d5 3. e5 c5 4. c3 Nc6 5. Nf3 Bd7 6. Be2 cxd4 7. cxd4 Bb4+ 8. Bd2
Rc8 9. Bxb4 Nxb4 10. Nc3 a6 11. a3 Nc6 12. O-O Nge7 13. Qd2 O-O 14. b4 b5 15.
Na2 Nf5 16. Nc1 f6 17. Nb3 fxe5 18. dxe5 Rc7 19. Nc5 Bc8 20. Rac1 Nh4 21. Nxh4
Qxh4 22. g3 Qe7 23. f4 Nb8 24. Rc2 Nd7 25. Rfc1 Nb6 26. Re1 Rd8 27. Qd4 Nc4 28.
Ra2 g6 29. a4 a5 30. axb5 axb4 31. Nb3 Na3 32. b6 Rc2 33. Raa1 Bb7 34. Bd3 Rc4
35. Qb2 Rc3 36. Red1 Rdc8 37. Rac1 Qd8 38. Rxc3 Rxc3 39. Nd4 Qxb6 40. Qf2 Bc8
41. Rd2 b3 42. Ne2 Rc6 43. Rb2 Nc4 44. Rb1 Qb7 45. Nd4 Rb6 46. Qf1 Nd2 47. Qc1
Nxb1 48. Bxb1 Bd7 0-1

[Event "?"]
[Site "?"]
[Date "2018.11.17"]
[Round "2.12"]
[White "Klinger, Klaus"]
[Black "Bursian, Tim"]
[Result "1-0"]
[WhiteElo "1696"]
[BlackElo "1724"]
[PlyCount "55"]
[EventDate "2018.??.??"]
[WhiteTeam "Zabo-Eintracht Nürnberg"]
[BlackTeam "SC JÄKLECHEMIE"]

1. d4 Nf6 2. Bf4 e6 3. Nd2 d5 4. e3 c5 5. c3 Nc6 6. Bd3 Bd6 7. Bg5 h6 8. Bh4
O-O 9. Ngf3 Be7 10. Bc2 b5 11. Bxf6 Bxf6 12. dxc5 Qe7 13. Nb3 a5 14. Qd3 g6 15.
a4 b4 16. Nfd4 Ne5 17. Qe2 Nc4 18. Bd3 Ba6 19. cxb4 axb4 20. O-O e5 21. Nb5
Nxb2 22. Bxg6 fxg6 23. Qxb2 e4 24. N3d4 Bxb5 25. axb5 Qxc5 26. Rac1 Qxb5 27.
Qd2 Rfc8 28. Nxb5 1-0

[Event "?"]
[Site "?"]
[Date "2018.11.17"]
[Round "2.13"]
[White "Meyer, Robert"]
[Black "Albayrak, Nese Pinar"]
[Result "0-1"]
[WhiteElo "1738"]
[BlackElo "1494"]
[PlyCount "60"]
[EventDate "2018.??.??"]
[WhiteTeam "SC Stein 1998"]
[BlackTeam "Zabo-Eintr. Nürnberg"]

1. Nf3 d5 2. d4 Nf6 3. Bf4 Bf5 4. e3 e6 5. Bd3 Be4 6. O-O c5 7. c4 Nc6 8. Bxe4
dxe4 9. Ne5 Rc8 10. dxc5 Nxe5 11. Bxe5 Qxd1 12. Rxd1 Ng4 13. Bd6 Bxd6 14. Rxd6
Rxc5 15. Na3 Ke7 16. Rd4 f5 17. Rad1 Ne5 18. b4 Rc6 19. Nb5 a6 20. Nd6 b6 21.
a3 Nd3 22. f3 Rxd6 23. fxe4 Rxd4 24. exd4 fxe4 25. Kf1 Rf8+ 26. Ke2 Rf2+ 27.
Ke3 Ra2 28. Rb1 Rxa3 29. Kxe4 g5 30. c5 Nf2+ 0-1

[Event "?"]
[Site "?"]
[Date "2018.11.17"]
[Round "2.14"]
[White "Denninger, David"]
[Black "Gündel, Kay"]
[Result "1-0"]
[WhiteElo "1858"]
[BlackElo "1170"]
[PlyCount "69"]
[EventDate "2018.??.??"]
[WhiteTeam "SC JÄKLECHEMIE"]
[BlackTeam "SC Stein 1998"]

1. d4 e6 2. Bf4 Nc6 3. e3 a6 4. Nf3 h6 5. c3 d6 6. Bd3 Be7 7. Nbd2 Nf6 8. Qe2
Nh5 9. Bg3 Bd7 10. e4 Na7 11. e5 Nxg3 12. hxg3 d5 13. Nh4 Bg5 14. f4 Bxh4 15.
Rxh4 Qe7 16. Nb3 Bb5 17. Bxb5+ axb5 18. Qg4 g6 19. Qh3 O-O-O 20. O-O-O b6 21.
Rxh6 Rhg8 22. g4 b4 23. Rh7 bxc3 24. Qxc3 Rh8 25. Rdh1 Rhf8 26. Qd3 Kb7 27. g3
Nc6 28. Kb1 Na7 29. Qxg6 Rh8 30. Qd3 Rhg8 31. g5 Rg6 32. Qxg6 fxg6 33. Rxe7 Nb5
34. Rxe6 Rg8 35. Rh6 1-0

[Event "?"]
[Site "?"]
[Date "2018.11.17"]
[Round "2.15"]
[White "Adelhardt, Lisa"]
[Black "Schlötterer, Hermann"]
[Result "1/2-1/2"]
[WhiteElo "1289"]
[BlackElo "1788"]
[PlyCount "150"]
[EventDate "2018.??.??"]
[WhiteTeam "Schachtreff Röttenbach"]
[BlackTeam "Zabo-Eintr. Nürnberg"]

1. e4 c5 2. Nc3 e6 3. f4 a6 4. Nf3 Nc6 5. a3 d5 6. d3 Be7 7. a4 b6 8. Be2 Ra7
9. O-O dxe4 10. dxe4 Rd7 11. Qe1 Nb4 12. Bd1 Nc6 13. Qg3 g6 14. Be3 Nd4 15. Ne5
Rc7 16. Bxd4 cxd4 17. Ne2 Bb7 18. Qd3 Nf6 19. Ng3 h5 20. Bf3 h4 21. Ne2 Qa8 22.
Kh1 Nxe4 23. Nxd4 Nc5 24. Bxb7 Qxb7 25. Qf3 Qxf3 26. Ndxf3 Ne4 27. c3 Bc5 28.
Nd4 Be7 29. Rae1 Nf6 30. Nec6 Bc5 31. Rf3 Kf8 32. b4 Bd6 33. Ne5 Kg7 34. Kg1
Nd5 35. Ne2 Rh5 36. Rd3 Bxe5 37. fxe5 Rxe5 38. Kf2 Rf5+ 39. Kg1 Re5 40. Kf2
Rf5+ 41. Kg1 Nf4 42. Nxf4 Rxf4 43. Rd6 b5 44. Rxa6 bxa4 45. Rxa4 Rxc3 46. Rf1
Rcc4 47. Rf3 g5 48. Ra5 Kg6 49. Rxf4 Rxf4 50. Rb5 f6 51. Rb8 Kf5 52. b5 Rb4 53.
b6 Rb2 54. b7 Ke4 55. h3 Ke5 56. Kf1 f5 57. Rg8 Rxb7 58. Rxg5 Rh7 59. Kf2 Kf4
60. Rg6 e5 61. Ra6 Rb7 62. Ra2 e4 63. Re2 Rb3 64. Re1 Rb2+ 65. Kg1 e3 66. Rf1+
Ke4 67. Rd1 Rd2 68. Re1 f4 69. Kf1 Kd3 70. Kg1 e2 71. Kf2 Rc2 72. Kf3 Rb2 73.
Kf2 Rd2 74. Kf3 Rc2 75. Kf2 Rb2 1/2-1/2

[Event "?"]
[Site "?"]
[Date "2018.11.17"]
[Round "2.16"]
[White "Slavik, Fabian"]
[Black "Albayrak, Aylin"]
[Result "1/2-1/2"]
[WhiteElo "1488"]
[BlackElo "1686"]
[PlyCount "101"]
[EventDate "2018.??.??"]
[WhiteTeam "SC Stein 1998"]
[BlackTeam "Zabo-Eintr. Nürnberg"]

1. d4 d5 2. Bf4 Nf6 3. e3 e6 4. Bd3 c5 5. c3 Nc6 6. Nd2 cxd4 7. exd4 Bd6 8. Bg3
O-O 9. Ngf3 Bxg3 10. hxg3 Re8 11. Ne5 Qc7 12. Nxc6 bxc6 13. Bxh7+ Kf8 14. Bd3
e5 15. Rh8+ Ke7 16. Rxe8+ Kxe8 17. dxe5 Qxe5+ 18. Kf1 Kf8 19. Qa4 Bd7 20. Re1
Qg5 21. Qb4+ Kg8 22. Nf3 Qh6 23. Qh4 Qxh4 24. gxh4 a5 25. Ne5 Be8 26. g4 a4 27.
a3 Rb8 28. Re2 c5 29. Kg2 g6 30. Kg3 Kg7 31. f3 Rd8 32. Kf2 d4 33. Bc4 Kf8 34.
Rd2 Rd6 35. cxd4 cxd4 36. Nd3 Nd5 37. Bxd5 Rxd5 38. Nb4 Rd6 39. f4 Bb5 40. Kf3
d3 41. f5 gxf5 42. gxf5 Rd4 43. Ke3 Rxh4 44. Nxd3 Ke7 45. Nc5 Kf6 46. Ne4+ Ke5
47. Nf2 Rf4 48. Rc2 Rc4 49. Nd3+ Kxf5 50. Rf2+ Ke6 51. Nf4+ 1/2-1/2

[Event "?"]
[Site "?"]
[Date "2018.11.17"]
[Round "2.17"]
[White "Kiesendahl, Roland"]
[Black "Lingl, Peter"]
[Result "1/2-1/2"]
[WhiteElo "1816"]
[BlackElo "1563"]
[PlyCount "59"]
[EventDate "2018.??.??"]
[WhiteTeam "SC Erlangen"]
[BlackTeam "SC JÄKLECHEMIE"]

1. e4 e5 2. Nf3 Nc6 3. Bb5 Nf6 4. d3 Ne7 5. Nxe5 c6 6. Bc4 Qa5+ 7. Nc3 Qxe5 8.
O-O Qh5 9. Qe1 d6 10. f4 Ng6 11. e5 dxe5 12. fxe5 Ng4 13. Bxf7+ Kd8 14. h3 Bc5+
15. Kh1 Qxe5 16. hxg4 Qxe1 17. Rxe1 Bxg4 18. Bg5+ Kc7 19. Rf1 Raf8 20. Rae1 h6
21. Be3 Bxe3 22. Rxe3 Nh4 23. Re7+ Kb8 24. Rfe1 Nf5 25. Re8+ Rxe8 26. Bxe8 Rf8
27. Bg6 Ng3+ 28. Kg1 h5 29. Re8+ Rxe8 30. Bxe8 1/2-1/2

[Event "?"]
[Site "?"]
[Date "2018.11.17"]
[Round "2.18"]
[White "Brinkmann, Jörg"]
[Black "Dreiseitel, Werner"]
[Result "0-1"]
[WhiteElo "1172"]
[BlackElo "1563"]
[PlyCount "84"]
[EventDate "2018.??.??"]
[WhiteTeam "SC JÄKLECHEMIE"]
[BlackTeam "SG 1882 Fürth"]

1. f4 d5 2. Nf3 Bf5 3. e3 e6 4. b3 Nf6 5. Bb2 Be7 6. d3 O-O 7. Qe2 c5 8. Nbd2
b5 9. O-O-O a5 10. e4 Bg4 11. h3 Bxf3 12. Qxf3 a4 13. g4 axb3 14. axb3 d4 15.
e5 Nd5 16. Nb1 Nd7 17. g5 Nxf4 18. h4 Ng6 19. Qe4 Nxh4 20. Be2 Bxg5+ 21. Nd2
Ng6 22. Kb1 Ndxe5 23. Nf3 Nxf3 24. Bxf3 Qa5 25. c3 dxc3 26. Kc2 cxb2 27. Qe2
Qa2 28. Rb1 Bf6 29. Bxa8 Qxa8 30. Qh2 h6 31. Qf2 Qd8 32. Qxc5 Qd4 33. Qxd4 Bxd4
34. Rhe1 b4 35. Kd2 Bc3+ 36. Kd1 Bxe1 37. Kxe1 Rc8 38. Kd2 Nf4 39. Rxb2 Nd5 40.
d4 Rc3 41. Rc2 Rxc2+ 42. Kxc2 Kh7 0-1

[Event "?"]
[Site "?"]
[Date "2018.11.17"]
[Round "2.20"]
[White "Harder, Dennis"]
[Black "Ott, Hans"]
[Result "0-1"]
[WhiteElo "1168"]
[BlackElo "1566"]
[PlyCount "36"]
[EventDate "2018.??.??"]
[WhiteTeam "SC Stein 1998"]
[BlackTeam "Zabo-Eintr. Nürnberg"]

1. Nf3 Nf6 2. d4 g6 3. Bg5 Bg7 4. e3 h6 5. Bxf6 Bxf6 6. c4 c5 7. Nc3 Nc6 8. d5
Ne5 9. b3 Nxf3+ 10. Qxf3 Bxc3+ 11. Kd1 Bxa1 12. Bd3 Qa5 13. Qe4 d6 14. Qf4 Qc3
15. Ke2 Qb2+ 16. Kf3 g5 17. Qg3 g4+ 18. Kf4 Qe5# 0-1

[Event "?"]
[Site "?"]
[Date "2018.11.17"]
[Round "2.21"]
[White "Mankus, Siegfried"]
[Black "Denninger, Tanja"]
[Result "1-0"]
[WhiteElo "1550"]
[BlackElo "1070"]
[PlyCount "77"]
[EventDate "2018.??.??"]
[WhiteTeam "Zabo-Eintr. Nürnberg"]
[BlackTeam "SC JÄKLECHEMIE"]

1. d4 e6 2. c4 d5 3. Nc3 Nf6 4. cxd5 exd5 5. Bg5 Nc6 6. e3 Bg4 7. Be2 Be6 8. a3
Be7 9. Qc2 Ng4 10. Bxe7 Nxe7 11. Nf3 Ng6 12. O-O f6 13. h3 Nh6 14. Bd3 f5 15.
Ne2 O-O 16. Rfe1 Nh4 17. Nxh4 Qxh4 18. Qxc7 Rf7 19. Qg3 Qxg3 20. fxg3 Re8 21.
Rac1 Bd7 22. Nf4 Be6 23. Rc5 b6 24. Rc6 Rfe7 25. Kf2 g5 26. Nxd5 Bxd5 27. Rxh6
Be6 28. d5 Kg7 29. Rxe6 Rxe6 30. dxe6 Rxe6 31. Bxf5 Rd6 32. Re2 h6 33. g4 Kf6
34. e4 Ke5 35. g3 a5 36. Rc2 Kf6 37. Ke3 Rd1 38. Rc6+ Ke5 39. Re6# 1-0

[Event "?"]
[Site "?"]
[Date "2018.11.17"]
[Round "2.22"]
[White "Walisch, Wilfried"]
[Black "Hamazaspyan, Seryozka"]
[Result "1/2-1/2"]
[WhiteElo "1078"]
[BlackElo "1601"]
[PlyCount "82"]
[EventDate "2018.??.??"]
[WhiteTeam "SW Nürnberg Süd"]
[BlackTeam "SC JÄKLECHEMIE"]

1. c4 e5 2. g3 Bc5 3. Bg2 Nc6 4. Nc3 Nf6 5. e3 d6 6. Nge2 Bb6 7. O-O Bf5 8. d4
Qd7 9. dxe5 Nxe5 10. b3 Bh3 11. Re1 Bxg2 12. Kxg2 Qc6+ 13. Kg1 Nf3+ 14. Kf1
Nxh2+ 15. Kg1 Nf3+ 16. Kf1 Nxe1 17. Kxe1 Qh1+ 18. Kd2 Ne4+ 19. Nxe4 Qxe4 20.
Bb2 Ba5+ 21. Kc1 f6 22. Nf4 O-O-O 23. Qg4+ Rd7 24. Bd4 c5 25. Bb2 Rf8 26. Qh3
Qf3 27. Qh2 Be1 28. Nd3 Bxf2 29. Qxf2 Qxf2 30. Nxf2 d5 31. cxd5 Rxd5 32. Kc2
Rfd8 33. Bc3 Rf5 34. Ne4 b6 35. Rh1 h6 36. g4 Rfd5 37. Rh5 Rd3 38. Rh3 Kb7 39.
a4 a6 40. a5 R3d5 41. Rh5 Kc6 1/2-1/2

[Event "?"]
[Site "?"]
[Date "2018.11.17"]
[Round "2.23"]
[White "Ziegler, Roman"]
[Black "Franz, Alexander"]
[Result "0-1"]
[WhiteElo "1028"]
[BlackElo "1626"]
[PlyCount "112"]
[EventDate "2018.??.??"]
[WhiteTeam "SK Kriegshaber"]
[BlackTeam "SC JÄKLECHEMIE"]

1. d4 d5 2. c4 Bf5 3. Nc3 Nf6 4. Qb3 Nc6 5. e3 e6 6. Qxb7 Nb4 7. cxd5 Nc2+ 8.
Kd1 Nxa1 9. Bb5+ Nd7 10. e4 Rb8 11. Qa6 Rxb5 12. Qxb5 Bg6 13. dxe6 fxe6 14. Nf3
Bd6 15. Bg5 Qa8 16. Qe2 Bb4 17. Re1 Qb7 18. Kc1 O-O 19. Qd3 Rb8 20. Re2 Bxc3
21. bxc3 Qd5 22. c4 Nc5 23. Qc2 Qxg5+ 24. Nxg5 Nxc2 25. dxc5 Nd4 26. Rd2 e5 27.
f4 Re8 28. fxe5 Rxe5 29. Rxd4 Rxg5 30. Rd8+ Kf7 31. Rd7+ Kf6 32. Rxc7 Bxe4 33.
Rc8 Rxg2 34. c6 Rc2+ 35. Kd1 Rxc4 36. c7 Kf7 37. Kd2 Bf5 38. Rd8 Rxc7 39. Rd5
Rd7 40. Rxd7+ Bxd7 41. Kc3 h5 42. Kb4 g5 43. a4 a6 44. a5 g4 45. Kc3 h4 46. Kd2
g3 47. hxg3 h3 48. g4 h2 49. g5 h1=Q 50. g6+ Kxg6 51. Kc3 Qe4 52. Kb2 Qe3 53.
Kb1 Qe2 54. Kc1 Ba4 55. Kb1 Bb3 56. Kc1 Qc2# 0-1

[Event "?"]
[Site "?"]
[Date "2018.11.17"]
[Round "2.24"]
[White "Albayrak, Atilla"]
[Black "Heigwer, Florian"]
[Result "1-0"]
[WhiteElo "1437"]
[BlackElo "967"]
[PlyCount "93"]
[EventDate "2018.??.??"]
[WhiteTeam "Zabo-Eintr. Nürnberg"]
[BlackTeam "SC JÄKLECHEMIE"]

1. d4 d5 2. Nf3 Bf5 3. c4 Nf6 4. Nc3 e6 5. Bg5 h6 6. Bh4 g5 7. Bg3 Bd6 8. Ne5
Nc6 9. e3 Nb4 10. Qa4+ c6 11. Rc1 Ne4 12. Nxe4 Bxe4 13. c5 Bxe5 14. Bxe5 Nd3+
15. Bxd3 Bxd3 16. Bxh8 b5 17. cxb6 Qxb6 18. Qxc6+ Qxc6 19. Rxc6 Kd7 20. Rc3 Be4
21. f3 Bg6 22. Bf6 a5 23. Kd2 a4 24. Rhc1 Rb8 25. Rc7+ Ke8 26. Rc8+ Rxc8 27.
Rxc8+ Kd7 28. Ra8 Kc6 29. Rxa4 Kb5 30. Ra8 h5 31. Bxg5 Bb1 32. Kc3 Kb6 33. a3
Kb5 34. Ra7 Bg6 35. a4+ Kb6 36. Ra8 f5 37. f4 Bf7 38. Kb4 Bg6 39. a5+ Kb7 40.
Rg8 Bf7 41. Rg7 Ka6 42. Rxf7 e5 43. Rf6+ Kb7 44. fxe5 Kc7 45. Kc5 Kd7 46. Kxd5
Ke8 47. Kd6 1-0